Genshin Impact 5* Swords by Picture - Statistics

General Stats
  • This quiz has been taken 38 times
  • The average score is 8 of 13
Answer Stats
Picture Answer % Correct
Skyward Blade
91%
Aquila Favonia
84%
Absolution
75%
Freedom Sworn
75%
Mistsplitter Reforged
75%
Primordial Jade Cutter
66%
Peak Patrol Song
63%
Splendor of Tranquil Waters
63%
Key of Khaj-Nisut
56%
Light of Foliar Incision
56%
Haran Geppaku Futsu
50%
Summit Shaper
34%
Uraku Mitsugiri
9%
No matching quizzes found
Score Distribution
Percent of People with Each Score
Percentile by Number Answered
Your Score History
You have not taken this quiz